Consultation on conscience : text of Rabbi Alexander M. Schindler's comments during a debate with Dr. Pat Robertson.
Saved in:
| Main Author: | |
|---|---|
| Format: | Book |
| Language: | English |
| Published: |
Washington, D. C. :
Washington Hebrew Congregation,
1985.
|
| Subjects: | |
| Tags: |
Add Tag
No Tags, Be the first to tag this record!
|
| LEADER | 00486nam a22001455u 4500 | ||
|---|---|---|---|
| 001 | 003255366-8 | ||
| 005 | 20020606093309.7 | ||
| 008 | 930727s1985 dcu |||||||eng|d | ||
| 035 | 0 | |a ocn236097256 | |
| 100 | 1 | |a Schindler, Alexander M. | |
| 245 | 1 | 0 | |a Consultation on conscience : |b text of Rabbi Alexander M. Schindler's comments during a debate with Dr. Pat Robertson. |
| 260 | |a Washington, D. C. : |b Washington Hebrew Congregation, |c 1985. | ||
| 600 | 1 | 0 | |a Robertson, Pat |
| 988 | |a 20020608 | ||
| 906 | |0 MH | ||


